000 00990nam a2200277Ii 4500
001 23128662
003 OCoLC
005 20250204103800.0
008 910220c19901986miu b 001 0 eng d
020 _a0310455715
040 _aPGC
_beng
_erda
_cPGC
_dMAL
082 _a225.6
_bMOR 1
090 _aBS2397
_b.M64 1990
092 _a225.6
_bM83n
100 1 _aMorris, Leon,
_d1914-2006.
_0https://id.loc.gov/authorities/names/n50005660
245 1 0 _aNew Testament theology /
_cLeon Morris.
250 _aFirst paperback edition.
260 _aGrand Rapids, Mich. :
_bZondervan Pub. House,
_c1990, c1986.
300 _a368 pages ;
_c25 cm
336 _atext
_btxt
_2rdacontent
337 _aunmediated
_bn
_2rdamedia
338 _avolume
_bnc
_2rdacarrier
504 _aIncludes bibliographical references and indexes.
630 0 0 _aBible.
_pNew Testament
_0https://id.loc.gov/authorities/names/n79023150
_xTheology.
_0https://id.loc.gov/authorities/subjects/sh2001008984
942 _2ddc
_cBK
_n0
999 _c10611
_d10611